Welcome to CU Library Online Public Access Catalogue (OPAC)

How to use Microsoft Windows 95/ (Record no. 868)

MARC details
000 -LEADER
fixed length control field 00647nam a22002057a 4500
005 - DATE AND TIME OF LATEST TRANSACTION
control field 20241108115454.0
008 - FIXED-LENGTH DATA ELEMENTS--GENERAL INFORMATION
fixed length control field 241108b |||||||| |||| 00| 0 eng d
020 ## - INTERNATIONAL STANDARD BOOK NUMBER
International Standard Book Number 9781562765385
050 ## - LIBRARY OF CONGRESS CALL NUMBER
Classification number QA76.76
Item number .O63
100 ## - MAIN ENTRY--PERSONAL NAME
Personal name Hergert, Douglas
245 ## - TITLE STATEMENT
Title How to use Microsoft Windows 95/
Statement of responsibility, etc. Douglas Hergert, illustrated by Mina Reimer, Sarah Ishida & Cherie Plumlee
250 ## - EDITION STATEMENT
Edition statement 2nd Ed.
260 ## - PUBLICATION, DISTRIBUTION, ETC.
Place of publication, distribution, etc. Emeryville, California
Name of publisher, distributor, etc. Ziff-Davis Press
Date of publication, distribution, etc. 1997
300 ## - PHYSICAL DESCRIPTION
Extent xi.267p.
Other physical details ill. color
Dimensions 25.5cm
650 ## - SUBJECT ADDED ENTRY--TOPICAL TERM
Source of heading or term Microsoft Windows 95
700 ## - ADDED ENTRY--PERSONAL NAME
Personal name Reimer, Mina
700 ## - ADDED ENTRY--PERSONAL NAME
Personal name Ishida, Sarah
700 ## - ADDED ENTRY--PERSONAL NAME
Personal name Plumlee, Cherie
942 ## - ADDED ENTRY ELEMENTS (KOHA)
Source of classification or shelving scheme Library of Congress Classification
Koha item type Books
Edition 2nd Ed.
Suppress in OPAC No
999 ## -
-- 868
-- 868
Holdings
Withdrawn status Lost status Source of classification or shelving scheme Damaged status Not for loan Collection Home library Current library Shelving location Date acquired Total checkouts Full call number Barcode Date last seen Copy number Price effective from Koha item type
    Library of Congress Classification     Non-fiction Science Library (Miotso) Science Library (Miotso) General stacks 11/08/2024   QA76.76 .O63 HER SLM00000475 11/08/2024 1 11/08/2024 Books
© 2023-2024 Copyright: Central University Libraries. All Rights Reserved | Created by: Mahone Tech Office